MIasta świata (i inne) po angielsku - Statystyki

Ogólne statystyki
  • Ten quiz został rozwiązany 32 razy
  • Średni wynik to 10 z 15
Statystyki odpowiedzi
Zagadnienie Odpowiedź % Poprawnych
Aleksandria to ? Alexandria
100%
Suva to stolica Fidżi, czyli? Fiji
100%
Zaś Jerozolima to? Jerusalem
100%
Paryż Paris
100%
A Woj. Pomorskie Pomeranian
100%
POLSKA GUROM! Warsaw
100%
Pekin czyli stolica Chin to ? Beijing
67%
A stan Floryda? Florida
67%
Szanghaj to po angielsku? Shanghai
67%
Jak Anglicy mówią na województwa ( pomijając nazwę province) Voivodeships
67%
Stolica USA to Dystrykt Kolumbii lub po prostu Waszyngton, czyli? Washington
67%
Jak Amerykanin napisze Missisipi? Mississippi
33%
A Kanton? Guangzhou
0%
I ostatnie Woj. Świętokrzyskie Holy Cross
0%
Woj. Mazowieckie to ? Masovian
0%
Nie znaleziono quizów pasujących do podanych kryteriów
Rozkład punktacji
Procent ludzi z każdym wynikiem
Percentyl według liczby udzielonych odpowiedzi
Twoja historia wyników
Nie rozwiązałeś tego quizu